Kabale University Library Catalogue

Eqilibrium Thermodynamics / (Record no. 1061)

MARC details
000 -LEADER
fixed length control field 00571nam a22002057a 4500
003 - CONTROL NUMBER IDENTIFIER
control field OSt
005 - DATE AND TIME OF LATEST TRANSACTION
control field 20200714093659.0
008 - FIXED-LENGTH DATA ELEMENTS--GENERAL INFORMATION
fixed length control field 200713b ||||| |||| 00| 0 eng d
020 ## - INTERNATIONAL STANDARD BOOK NUMBER
International Standard Book Number 9780521274562
020 ## - INTERNATIONAL STANDARD BOOK NUMBER
International Standard Book Number 0521274567
040 ## - CATALOGING SOURCE
Transcribing agency KABLIB
082 ## - DEWEY DECIMAL CLASSIFICATION NUMBER
Edition number 23rd
Classification number 536.7
Item number ADK
100 ## - MAIN ENTRY--PERSONAL NAME
Personal name Adkins,C.J .
9 (RLIN) 3227
245 ## - TITLE STATEMENT
Title Eqilibrium Thermodynamics /
Statement of responsibility, etc. C.J.Adkins.
250 ## - EDITION STATEMENT
Edition statement 3rd ed ;
260 ## - PUBLICATION, DISTRIBUTION, ETC.
Place of publication, distribution, etc. London:
-- New York :
Name of publisher, distributor, etc. Cambridge University Press ;
Date of publication, distribution, etc. c1983 .
300 ## - PHYSICAL DESCRIPTION
Extent xiii,285 p. :ill(B&W);
Dimensions 23 cm.
500 ## - GENERAL NOTE
General note Includes;Index (P281-285)
942 ## - ADDED ENTRY ELEMENTS (KOHA)
Source of classification or shelving scheme Dewey Decimal Classification
Koha item type Book
Holdings
Withdrawn status Lost status Source of classification or shelving scheme Damaged status Not for loan Home library Current library Shelving location Date acquired Total Checkouts Full call number Barcode Date last seen Price effective from Koha item type
    Dewey Decimal Classification     Engineering and Technology Library Engineering and Technology Library Open Access Section 14.07.2020   536.7 ADK 1700 14.07.2020 14.07.2020 Book

Kabale University Library | Kabale University P.O Box 317, Kabale, Uganda
Tel : +256754017033, +256774661503 E-mail : library@kab.ac.ug